00352pab a2200121 454500008004000000100002300040245010100063260000900164300001500173362000800188650001000196773002400206180718b2011 xxu||||| |||| 00| 0 eng d aWolff, Kristina B. aPanic in the ER: Maternal drug use, the right to bodily integrity, privacy, and informed consent c2011 ap.679-714. aOct aDrugs aPolitics and Policy